UM Logo
Normal view MARC view
  • Corbeta, Francis G.

Entry Personal Name

Number of records used in: 1

001 - CONTROL NUMBER

  • control field: 41636

003 - CONTROL NUMBER IDENTIFIER

  • control field: OSt

005 - DATE AND TIME OF LATEST TRANSACTION

  • control field: 20200204150553.0

008 - FIXED-LENGTH DATA ELEMENTS

  • fixed length control field: 200204|| aca||aabn | a|a d

040 ## - CATALOGING SOURCE

  • Original cataloging agency: OSt
  • Transcribing agency: OSt

100 ## - HEADING--PERSONAL NAME

  • Personal name: Corbeta, Francis G.

670 ## - SOURCE DATA FOUND

  • Source citation: Work cat.: (OSt): Corbeta, Francis G. 41635, Causes of Juvenile Deliquency as Perceived by the Residents in Barangay Zone III, Digos City/, October 2012